| 000 | 00867nam a2200205 a 4500 | ||
|---|---|---|---|
| 001 | 001194324 | ||
| 003 | AM-YeHGA | ||
| 005 | 20250617152840.0 | ||
| 008 | 161202s1978 ru r 000 0 rus d | ||
| 040 | _aAM-YeHGA | ||
| 041 | 0 | _arus | |
| 100 | 1 | _aИванов, Владимир Васильевич | |
| 245 | 1 | 0 |
_aИсторические знания как фактор коммунистического воспитания : _bНекоторые аспекты историзма в педагогике / _cВ.В. Иванов. |
| 260 |
_aКазань : _bИзд-во Казан. ун-та, _c1978. |
||
| 300 | _a128 с. | ||
| 504 | _aБиблиогр.: с. 112-122 | ||
| 653 | 0 | _aКоммунистическое мировоззрение - Формирование в школе | |
| 653 | 0 | _aИсторизм в обучении | |
| 090 | _c381129 | ||
| 999 |
_c379212 _d379212 |
||